| 000 | 00426nam a22001457a 4500 | ||
|---|---|---|---|
| 082 | _aP- 613 | ||
| 100 |
_aUmer Anjum Minhas _950798 |
||
| 245 | _aImpact resistant and ductile cementitious matrix (IMDUC) | ||
| 260 |
_aRisalpur, _bMCE, _c2015 |
||
| 300 | _a88p. | ||
| 526 |
_a0 _b0 _c0 _dP_000000000000000__613 |
||
| 526 |
_a0 _b0 _c0 _dP_000000000000000__613 |
||
| 700 |
_aLt Col Dr Maqbool sadiq awan _950799 |
||
| 942 |
_2ddc _cBK |
||
| 999 |
_c553546 _d553546 |
||